| Поле | Название | Значение |
| |
Тип записи |
a |
| |
Библиографический уровень |
a |
| 001 |
Контрольный номер |
UONB/MAIN/50c4889aca344481bd2b06876aa3f1a2 |
| 005 |
Дата корректировки |
20260320132524.0 |
| 100 |
Данные общей обработки |
__ |
| a |
Данные общей обработки |
20260320 ||| 0rusy0189 ca |
| 101 |
Язык документа |
0_ |
| a |
Язык текста |
rus |
| 102 |
Страна публикации |
__ |
| a |
Страна публикации |
RU |
| 200 |
Заглавие и сведения об ответственности |
1_ |
| a |
Заглавие |
История колхоза "Маяк революции" |
| f |
Первые сведения об ответственности |
Е. Волгушова |
| 203 |
Вид содержания и тип средства |
__ |
| a |
Вид содержания |
Текст |
| b |
Характеристика содержания |
визуальный |
| c |
Тип средства |
непосредственный |
| 215 |
Физическое описание |
__ |
| c |
Иллюстрации/тип воспроизводства |
ил., портр. |
| 330 |
Аннотация |
__ |
| a |
Аннотация |
Описание работы колхоза "Маяк революции" в период с 70-х до 2000-х годов. |
| 461 |
Уровень набора |
_0 |
| 1 |
|
2000 |
| a |
|
Сурская правда |
| 463 |
Уровень физической единицы |
_0 |
| 1 |
|
2000 |
| a |
|
№ 7 (105210) (13 февраля) |
| v |
|
С. 8 |
| 1 |
|
2101 |
| d |
|
2026 |
| 1 |
|
001UONB/MAIN/6f39f28e02d64059b449862b37505b11 |
| 600 |
Персоналии |
_1 |
| a |
Персоналии (Фамилия) |
Фролов |
| b |
Персоналии (Имя, инициалы) |
Н. М. |
| g |
Полное имя |
Николай Михайлович |
| 600 |
Персоналии |
_1 |
| a |
Персоналии (Фамилия) |
Шабашов |
| b |
Персоналии (Имя, инициалы) |
П. И. |
| g |
Полное имя |
Павел Иванович |
| 600 |
Персоналии |
_1 |
| a |
Персоналии (Фамилия) |
Майоров |
| b |
Персоналии (Имя, инициалы) |
И. Е. |
| g |
Полное имя |
Иван Егорович |
| 600 |
Персоналии |
_1 |
| a |
Персоналии (Фамилия) |
Морозов |
| b |
Персоналии (Имя, инициалы) |
А. Н. |
| g |
Полное имя |
Анатолий Николаевич |
| 600 |
Персоналии |
_1 |
| a |
Персоналии (Фамилия) |
Лифанов |
| b |
Персоналии (Имя, инициалы) |
А. С. |
| g |
Полное имя |
Александр Степанович |
| 607 |
Географические рубрики |
__ |
| a |
Географическое наименование |
Сара, село (Сурский район ; Ульяновская область) |
| 610 |
Ключевые слова |
0_ |
| a |
Ключевые слова |
колхозы; фермы; участники Великой Отечественной войны; орден Трудового Красного Знамени |
| 686 |
Индексы других классификаций |
__ |
| a |
Классификационный индекс |
41 |
| 2 |
Код системы |
rubbk |
| 700 |
Автор |
_1 |
| a |
Фамилия |
Волгушова |
| b |
Имя (инициалы) |
Е. |
| 801 |
Источник записи |
_0 |
| a |
Страна |
RU |
| b |
Организация |
Ульяновская ОНБ |
| c |
Дата составления |
20260320 |
| g |
Правила каталогизации |
RCR |
| 801 |
Источник записи |
_1 |
| a |
Страна |
RU |
| b |
Организация |
Ульяновская ОНБ |
| c |
Дата составления |
20260320 |
| g |
Правила каталогизации |
RCR |
| 901 |
Тип документа |
__ |
| t |
Тип документа |
f |
| w |
Контрольный № источника |
UONB/MAIN/6f39f28e02d64059b449862b37505b11 |
| 909 |
Создатель записи |
__ |
| a |
Создатель записи |
Логинова |
| b |
Дата создания записи |
20260320 |